Instructor's Manual to Accompany Managing the Global Corporation Case Studies in Strategy and Management

Uložené v:
Podrobná bibliografia
Hlavný autor: Davidson, William H.
Ďalší autori: Torre de la, José
Médium: Kniha
Jazyk:English
Vydavateľské údaje: New York MacGraw-Hill 1991
Vydanie:1. ed.
Predmet:
Tagy: Pridať tag
Žiadne tagy, Buďte prvý, kto otaguje tento záznam!

MARC

LEADER 00000nam a2200000 4500
001 c010441
005 20221206114651.8
020 |a 0-07-015594-1 
041 0 |a eng 
044 |a US 
245 1 0 |a Instructor's Manual to Accompany Managing the Global Corporation  |b Case Studies in Strategy and Management  |c William H. Davidson, José Torre de la 
250 |a 1. ed. 
264 1 |a New York  |b MacGraw-Hill  |c 1991 
300 |a 635 s. 
610 2 0 |a manažment 
610 2 0 |a stratégia podniková 
610 2 0 |a štúdie prípadové 
610 2 0 |a konkurencia 
610 2 0 |a riadenie strategické 
610 2 0 |a manažment strategický 
610 2 0 |a marketing medzinárodný 
610 2 0 |a funkcie riadenia 
100 1 |a Davidson, William H. 
700 1 |a Torre de la, José